LIBRARY & INFORMATION CENTRE, KCAET, TAVANUR

ONLINE PUBLIC ACCESS CATALOGUE (OPAC)

Theranhetutha kathakal / (Record no. 11449)

MARC details
000 -LEADER
fixed length control field 00444cam a2200169ua 4500
041 ## - LANGUAGE CODE
Language code of text/sound track or separate title eng
082 ## - DEWEY DECIMAL CLASSIFICATION NUMBER
Classification number 894.812301
Item number KUR/TH
100 ## - MAIN ENTRY--AUTHOR NAME
Personal name Nagavalli, R.S. Kurup .
245 ## - TITLE STATEMENT
Title Theranhetutha kathakal /
260 ## - PUBLICATION, DISTRIBUTION, ETC. (IMPRINT)
Place of publication Kottayam :
Name of publisher Sathiya pravarthaka Co-op. society ,
Year of publication 1966.
300 ## - PHYSICAL DESCRIPTION
Number of Pages 416 ; .
942 ## - ADDED ENTRY ELEMENTS (KOHA)
Koha item type Books
Holdings
Withdrawn status Lost status Damaged status Home library Current library Date acquired Full call number Accession Number Koha item type Cost, normal purchase price
Withdrawn     KAUAET KAUAET 15/11/2023 894.812301 KUR/TH 9420 Books 1.25
Withdrawn     KAUAET Malayalam University 07/04/2012 894.812301 9421 Books  
free website counter